| 000 | 00539nam a22001817a 4500 | ||
|---|---|---|---|
| 005 | 20160119084509.0 | ||
| 008 | 120823s2013 nyua b 001 0 eng | ||
| 020 | _a9780071803366 | ||
| 041 | 0 | _aeng | |
| 080 | _a336 | ||
| 100 | 1 | _aBaiynd, Anne-Marie. | |
| 245 | 1 | 4 |
_aThe trading book course : _cby Anne-Marie Baiynd. |
| 260 |
_aNew York : _bMcGraw-Hill, _c2013. |
||
| 300 |
_a181 f. : _bme il.; _c23 cm. |
||
| 505 | _aIndex: f. 177 - 181 | ||
| 650 | 0 | _aInvestimet | |
| 942 |
_2udc _cBK |
||
| 999 |
_c563 _d563 |
||